Manual de diagnóstico diferencial del sistema a la enfermedad / (Record no. 81739)

MARC details
000 -LEADER
campo de control de longitud fija 00592nam a2200169 i 4500
001 - NÚMERO DE CONTROL
campo de control 81739
003 - IDENTIFICADOR DE NÚMERO DE CONTROL
campo de control ES-MaACL
005 - FECHA Y HORA DE LA ÚLTIMA TRANSACCIÓN
campo de control 20230906174513.0
007 - CAMPO FIJO DE DESCRIPCIÓN FÍSICA--INFORMACIÓN GENERAL
campo de control de longitud fija t|
008 - DATOS DE LONGITUD FIJA--INFORMACIÓN GENERAL
campo de control de longitud fija 041105s1957 sp ||||1| spa d
100 1# - ENTRADA PRINCIPAL--NOMBRE DE PERSONA
Nombre de persona Hyman, Harold Thomas.
9 (RLIN) 64880
245 10 - MENCIÓN DEL TÍTULO
Título Manual de diagnóstico diferencial del sistema a la enfermedad /
Mención de responsabilidad, etc. por Harold Thomas Hyman ; traducción española por Francisco Haro García.
260 ## - PUBLICACIÓN, DISTRIBUCIÓN, ETC.
Lugar de publicación, distribución, etc. Barcelona :
Nombre del editor, distribuidor, etc. Labor,
Fecha de publicación, distribución, etc. 1957 (
Fabricante Ibero-Americanos)
300 ## - DESCRIPCIÓN FÍSICA
Extensión VIII, 595 p. ;
Dimensiones 22 cm.
700 1# - ENTRADA AGREGADA--NOMBRE PERSONAL
Nombre de persona Haro García, Francisco.
9 (RLIN) 61877
852 ## - LOCALIZACIÓN
Ubicación ES-MaACL
Número de control de estantería C-11902
Sublocalización o colección R.40033
Holdings
Estatus retirado Estado de pérdida Estado de daño No para préstamo Biblioteca de origen Biblioteca actual Ubicación en estantería Fecha de adquisición Fuente de adquisición Total de préstamos Signatura topográfica completa Código de barras Visto por última vez Precio de reemplazo Tipo de ítem Koha
        Biblioteca del Ateneo de Madrid Biblioteca del Ateneo de Madrid Sala Palomar 17/01/2008     C-11902 1085435 23/02/2023 23/02/2023 Libro impreso